000 01141cam a2200301 i 4500
999 _c219494
_d219494
001 16256113
003 Nust
005 20170210104616.0
008 100527t20102010enka b 001 0 eng
010 _a 2010929648
020 _a9781849963220 (hardcover : alk. paper)
020 _z9781849963237 (ebook)
040 _aDLC
_beng
_erda
_cDLC
042 _apcc
050 0 0 _aTA347.F5
_bM38 2010
082 _a624.171 MAR
100 1 _aMarwala, Tshilidzi,
_d1971-
245 1 0 _aFinite-element-model updating using computional intelligence techniques :
_bapplications to structural dynamics /
_cT. Marwala.
264 1 _aLondon :
_bSpringer,
_c[2010]
264 4 _c©2010
300 _axv, 250 pages :
_billustrations ;
_c25 cm
336 _atext
_btxt
_2rdacontent
337 _aunmediated
_bn
_2rdamedia
338 _avolume
_bnc
_2rdacarrier
504 _aIncludes bibliographical references and index.
650 0 _aFinite element method
_xData processing.
650 0 _aStructural dynamics
_xMathematical models.
906 _a7
_bcbc
_corignew
_d2
_eepcn
_f20
_gy-gencatlg
942 _2ddc
_cBK